000 01844cam a2200145 4500500
005 20260405000205.0
041 _afre
042 _adc
100 1 0 _aKracauer, Siegfried
_eauthor
700 1 0 _aLevenson, Claude B.
_eauthor
245 0 0 _aDe Caligari à Hitler : Une histoire psychologique du cinéma allemand
260 _bKlincksieck,
_c2019.
520 _aDe Caligari à Hitler : ce titre célèbre caractérise en un significatif raccourci la période la plus riche de l’histoire du septième art allemand. En 1919, Le Cabinet du Dr Caligari ouvrait, en effet, l’ère de l’« écran démoniaque » et en 1933 Hitler brisait net le sonore.Entre ces deux dates, l’expressionnisme témoigna des tourments de l’âme germanique tandis que le réalisme analysait une société en crise. Rarement le cinéma fut plus profondément enraciné dans la vie culturelle, politique et sociale d’un peuple.Siegfried Kracauer devint en 1920 le critique cinématographique de la Frankfurter Zeitung et il y demeura jusqu’en 1933. C’est dire qu’il a suivi pas à pas le développement du cinéma dans son pays.Théoricien de l’esthétique, historien, philosophe, il entreprend d’étudier la propagande et les films nazis lorsqu’il arrive aux États-Unis, ce qui le conduit à remonter le courant et à écrire une étude psychologique fouillée qu’il publie en 1947 : From Caligari to Hitler. Ce texte, le premier qui utilise en cette matière les conquêtes du marxisme liées à celles de la psychanalyse, montre que le septième art, mieux que tout autre moyen d’expression, révèle dans sa vérité complexe la mentalité d’une nation. Immédiatement, ce livre monumental s’imposa comme un classique.
856 4 1 _uhttps://shs.cairn.info/de-caligari-a-hitler--9782252041789?lang=fr&redirect-ssocas=7080
999 _c2034566
_d2034566